02096nam a2200253Ia 45000010005000000080041000050100009000460410014000550820020000692450182000892600012002713000008002835200007002916300016002986300021003146300026003356300013003616300014003746500051003887000035004397000041004747000039005155201288005542120241029s9999 xx 000 0 und d a1984 aEspañol aR.D.MGE 2010-21 0aFactores socio ambientales que afectan en al aprendizaje de los/as niños/as del 2do. Ciclo del Nivel Básico, en el Centro Educativo de Barranca, La Vega, Período 2009-2010 aLa Vega a126 a26 aAprendizaje aContexto Natural aEducación Ambiental aFactores aGestión aEjes Transversales (Contexto Social y Natural) easesoraConcepción, Elías  eautoraQuélis Suriel, Luis Danario eautoraMaría, María Altagracia aEste estudio es sobre los factores socio ambientales que afectan el aprendizaje de los/as niños/as del 2do año del Nivel Básico, en el centro educativo de Barranca, La Vega periodo 2009-2010. Las causas principales del problema se centran en el control de las condiciones socio ambientales no están en manos del Centro Educativo y que hasta el, momento no se ha creado conciencia en la población de Barranca sobre la necesidad de cuidar las condiciones del ambiente. Tiene como objetivo general analizar los factores socio-ambientales, la forma que afectan el aprendizaje y las estrategias empleadas por los docentes para aplacar su efecto en los niños/as del 2dio ciclo del Nivel Básico de Barranca, La Vega, periodo 2009-2010.El Universo estuvo constituido por los 9 maestros de la escuela básica de Barranca, los padres de los alumnos y la directora del plantel. Se llegó a la conclusión de que los factores socio-ambientales de la comunidad que afectan son: el ruido, el tránsito vehicular, la contaminación ambiental, la higienización, y los centros de diversión, la desintegración familiar, el ambiente de la comunidad, poco tiempo que dedican los padres y madres para acompañar a sus hijos en las tareas y baja escolaridad de los padres/madres.